Kafka

Збережено в:
Бібліографічні деталі
Автор: Brod, Max (Автор)
Формат: Книга
Мова:Іспанська
Опубліковано: Buenos Aires Emece 1951
Серія:Selección Emece de obras contemporáneas
Предмети:
Теги: Додати тег
Немає тегів, Будьте першим, хто поставить тег для цього запису!

MARC

LEADER 00000nam a2200000 a 4500
001 UCV8234
003 CL-VaPUC
005 20201211143134.0
008 901122e19510000AG |||||||||||||||||spa|d
999 |c 213780  |d 213778 
040 |c Pontificia Universidad Católica de Valparaíso 
082 0 4 |a 928  |b BRO  |2 21 
100 0 |a Brod, Max  |e author  |9 302302 
245 1 0 |a Kafka 
260 |a Buenos Aires  |b Emece  |c 1951 
300 |a 260 p 
490 0 |a Selección Emece de obras contemporáneas 
583 |a last modification  |c 20140820 03:14:25  |k Rodrigo Vera 
600 |a Kafka, Franz  |d 1883-1924  |9 858642 
650 0 |a Biografías  |9 255210 
852 |a BIBCUR 
942 |c BK  |2 ddc 
945 |d 19901122 00:00:00 
952 |0 0  |1 0  |4 0  |6 928_000000000000000_BRO_1951  |7 0  |8 A  |9 196503  |a BIBARQ  |b BIBARQ  |d 2019-11-14  |i 2643936  |o 928 BRO 1951  |p 2643936  |r 2025-01-20  |w 2019-11-14  |y BK  |k ARQ